| 000 -LEADER |
| fixed length control field |
01191cam a2200277 i 4500 |
| 001 - CONTROL NUMBER |
| control field |
17938332 |
| 005 - DATE AND TIME OF LATEST TRANSACTION |
| control field |
20221108163656.0 |
| 008 - FIXED-LENGTH DATA ELEMENTS--GENERAL INFORMATION |
| fixed length control field |
131112s2017 enka b 001 0 eng |
| 020 ## - INTERNATIONAL STANDARD BOOK NUMBER |
| International Standard Book Number |
9781316610527 X |
| 041 ## - LANGUAGE CODE |
| Language code of text/sound track or separate title |
eng |
| 080 ## - UNIVERSAL DECIMAL CLASSIFICATION NUMBER |
| Universal Decimal Classification number |
339.52(100)+34+32 B-79 |
| 100 1# - MAIN ENTRY--PERSONAL NAME |
| Personal name |
Bossche, Peter van den, |
| Relator term |
author. |
| 9 (RLIN) |
9862 |
| 245 14 - TITLE STATEMENT |
| Title |
The law and policy of the World Trade Organization : |
| Remainder of title |
text, cases, and materials / |
| Statement of responsibility, etc. |
Peter van den Bossche, Werner Zdouc. |
| 264 #1 - PRODUCTION, PUBLICATION, DISTRIBUTION, MANUFACTURE, AND COPYRIGHT NOTICE |
| Place of production, publication, distribution, manufacture |
Cambridge, United Kingdom : |
| Name of producer, publisher, distributor, manufacturer |
Cambridge University Press, |
| Date of production, publication, distribution, manufacture, or copyright notice |
2017. |
| 300 ## - PHYSICAL DESCRIPTION |
| Extent |
1077 pages : |
| Other physical details |
illustrations ; |
| Dimensions |
26 cm. |
| 610 20 - SUBJECT ADDED ENTRY--CORPORATE NAME |
| Corporate name or jurisdiction name as entry element |
World Trade Organization. |
| 9 (RLIN) |
9662 |
| 650 #0 - SUBJECT ADDED ENTRY--TOPICAL TERM |
| Topical term or geographic name entry element |
Foreign trade regulation. |
| 9 (RLIN) |
9863 |
| 650 #0 - SUBJECT ADDED ENTRY--TOPICAL TERM |
| Topical term or geographic name entry element |
Tariff |
| General subdivision |
Law and legislation. |
| 9 (RLIN) |
9864 |
| 653 ## - INDEX TERM--UNCONTROLLED |
| keyword |
ეკონომიკა |
| 653 ## - INDEX TERM--UNCONTROLLED |
| keyword |
მსოფლიო სავაჭრო ორგანიზაციები |
| 653 ## - INDEX TERM--UNCONTROLLED |
| keyword |
საგარეო ვაჭრობის რეგულირება |
| 653 ## - INDEX TERM--UNCONTROLLED |
| keyword |
კანონი და კანონმდებლობა |
| 700 1# - ADDED ENTRY--PERSONAL NAME |
| Personal name |
Zdouc, Werner |
| Relator term |
ავტორი. |
| 9 (RLIN) |
9865 |
| 942 ## - ADDED ENTRY ELEMENTS (KOHA) |
| Source of classification or shelving scheme |
|
| Koha item type |
წიგნი |